University Home | Library Home | Institutional Repository

Physico-chemical techniques of analysis / (Record no. 152122)

MARC details
000 -LEADER
fixed length control field 00805cam9a220024100 4500
001 - CONTROL NUMBER
control field qce02081318
005 - DATE AND TIME OF LATEST TRANSACTION
control field 20190823111651.0
008 - FIXED-LENGTH DATA ELEMENTS--GENERAL INFORMATION
fixed length control field 830413m19659999ii a b 000 0 eng
010 ## - LIBRARY OF CONGRESS CONTROL NUMBER
LC control number sa 66002033
025 ## - OVERSEAS ACQUISITION NUMBER
Overseas acquisition number PL480:I-E-5370
035 ## - SYSTEM CONTROL NUMBER
System control number (Sirsi) r14984
035 ## - SYSTEM CONTROL NUMBER
System control number (QCAT)lss04022926
035 ## - SYSTEM CONTROL NUMBER
System control number (UPRA)qce02081318
040 ## - CATALOGING SOURCE
Modifying agency UPRA
050 0# - LIBRARY OF CONGRESS CALL NUMBER
Classification number QD75
Item number .J28
100 1# - MAIN ENTRY--PERSONAL NAME
Personal name Janardhan, Pandarinath Bhuvanendra, 1921-
Dates associated with a name Janardhan, Pandarinath Bhuvanendra, 1921-
Linkage A71209.1
245 10 - TITLE STATEMENT
Title Physico-chemical techniques of analysis /
Statement of responsibility, etc. [by] P.B. Janardhan.
260 ## - PUBLICATION, DISTRIBUTION, ETC.
Place of publication, distribution, etc. Bombay ; New York :
-- Bombay ; New York :
Name of publisher, distributor, etc. Asia Pub. House,
Date of publication, distribution, etc. [1965-
504 ## - BIBLIOGRAPHY, ETC. NOTE
Bibliography, etc. note Bibliographical footnotes.
650 #0 - SUBJECT ADDED ENTRY--TOPICAL TERM
Topical term or geographic name entry element Chemistry, Analytic.
Linkage S8117.1
949 ## - LOCAL PROCESSING INFORMATION (OCLC)
a QD75
w lcc
i -9312
m MAIN
t BOOK
l ON-SHELF

No items available.

© 2026 - The University of Zambia Library - Koha v25.11